[Event "HUN-chT2 Toth 2324"]
[Site "Hungary"]
[Date "2024.05.12"]
[Round "9.2"]
[White "Varga, Tamas"]
[Black "Csikos, Mihaly"]
[Result "1/2-1/2"]
[WhiteElo "2148"]
[BlackElo "2039"]
[PlyCount "119"]
[EventDate "2023.10.08"]
[EventType "team-tourn"]
[EventRounds "9"]
[EventCountry "HUN"]
[SourceTitle "EXT 2025"]
[Source "ChessBase"]
[SourceDate "2024.10.14"]
[SourceVersion "1"]
[SourceVersionDate "2024.10.14"]
[SourceQuality "1"]
[WhiteTeam "Bekes"]
[BlackTeam "Mako Duocor II"]
[WhiteTeamCountry "HUN"]
[BlackTeamCountry "HUN"]

1. e4 e5 2. Nf3 Nf6 3. Nc3 Nc6 4. Bb5 d6 5. h3 Bd7 6. d4 Nxd4 7. Nxd4 exd4 8. Bxd7+ Qxd7 9. Qxd4 Be7 10. Be3 Qc6 11. 0-0 0-0 12. b4 b6 13. Qd3 Rfe8 14. b5 Qb7 15. a4 Bf8 16. a5 Rad8 17. axb6 axb6 18. Bg5 Be7 19. Bxf6 Bxf6 20. Ra4 Bxc3 21. Qxc3 Re5 22. Rc4 Rc5 23. Rxc5 bxc5 24. Qd3 Re8 25. f3 Qa7 26. Qd5 g6 27. Qc6 Rb8 28. c4 Kg7 29. f4 Qb7 30. Qxb7 Rxb7 31. Ra1 f5 32. e5 Kf7 33. Ra6 Ke7 34. Kf2 Kd7 35. Ke3 Rb8 36. exd6 Re8+ 37. Kd3 Re6 38. Ra8 Rxd6+ 39. Ke3 Re6+ 40. Kf3 Re8 41. Ra7 Re6 42. g4 Rd6 43. gxf5 gxf5 44. Kg3 Rh6 45. Ra6 Rd6 46. Kh4 Rd4 47. Kg5 Rxc4 48. b6 cxb6 49. Rxb6 Rb4 50. Rh6 c4 51. Rxh7+ Kd6 52. Rh8 Kd5 53. Kxf5 c3 54. Rd8+ Kc4 55. Ke4 c2 56. Rc8+ Kb3+ 57. Kd3 Rxf4 58. Rb8+ Rb4 59. Rc8 Rf4 60. Rb8+ 1/2-1/2

[Event "HUN-chT2 Toth 2324"]
[Site "Hungary"]
[Date "2023.12.10"]
[Round "3.2"]
[White "Puskas, Mihaly"]
[Black "Csikos, Mihaly"]
[Result "0-1"]
[WhiteElo "1885"]
[BlackElo "2039"]
[PlyCount "94"]
[EventDate "2023.10.08"]
[EventType "team-tourn"]
[EventRounds "9"]
[EventCountry "HUN"]
[SourceTitle "EXT 2025"]
[Source "ChessBase"]
[SourceDate "2024.10.14"]
[SourceVersion "1"]
[SourceVersionDate "2024.10.14"]
[SourceQuality "1"]
[WhiteTeam "Bekesszentandras"]
[BlackTeam "Mako Duocor II"]
[WhiteTeamCountry "HUN"]
[BlackTeamCountry "HUN"]

1. d4 c5 2. d5 e5 3. e4 d6 4. Bb5+ Bd7 5. Bxd7+ Nxd7 6. Nc3 Ngf6 7. Be3 Qa5 8. f3 b5 9. a3 Nb6 10. Qe2 a6 11. Kf2 Nc4 12. Bc1 Be7 13. Qd3 Nb6 14. Bd2 Nbd7 15. g4 0-0 16. h4 h5 17. gxh5 Nxh5 18. Qf1 Qd8 19. Qh3 b4 20. Na2 bxa3 21. bxa3 f5 22. exf5 Qe8 23. Nc3 Qf7 24. Bg5 Ndf6 25. Nge2 Ra7 26. Rad1 Rb7 27. Rhg1 Rb2 28. Rd2 Bd8 29. Ne4 Qd7 30. N2g3 Ba5 31. c3 Rxd2+ 32. Bxd2 c4 33. Be3 Nxg3 34. Qxg3 Nxd5 35. Rg2 Nxe3 36. Kxe3 d5 37. Nd6 Bxc3 38. Qg6 e4 39. fxe4 Be5 40. f6 Rxf6 41. Qe8+ Qxe8 42. Nxe8 d4+ 43. Ke2 Re6 44. Nxg7 Bxg7 45. Kf3 c3 46. Re2 d3 47. Re3 c2 0-1

[Event "HUN-chT2 Toth 2223"]
[Site "Hungary"]
[Date "2022.12.04"]
[Round "4.5"]
[White "Kemeny, Csaba"]
[Black "Csikos, Mihaly"]
[Result "1/2-1/2"]
[WhiteElo "2054"]
[BlackElo "2004"]
[PlyCount "55"]
[EventDate "2022.10.16"]
[EventType "team-tourn"]
[EventRounds "11"]
[EventCountry "HUN"]
[SourceTitle "EXT 2025"]
[Source "ChessBase"]
[SourceDate "2024.10.14"]
[SourceVersion "1"]
[SourceVersionDate "2024.10.14"]
[SourceQuality "1"]
[WhiteTeam "Felegyhaza Csongrad"]
[BlackTeam "Mako Duocor II"]
[WhiteTeamCountry "HUN"]
[BlackTeamCountry "HUN"]

1. d4 d5 2. f4 c5 3. e3 Nf6 4. Nf3 Bf5 5. c3 Nc6 6. Bd3 Bxd3 7. Qxd3 e6 8. Nbd2 Qc7 9. Ne5 Bd6 10. 0-0 0-0 11. Rf3 Rac8 12. Rh3 g6 13. Qe2 h5 14. Ndf3 Ne4 15. Bd2 Kg7 16. Rf1 Ne7 17. Nd3 Nf5 18. Bc1 f6 19. Nxc5 Nxc5 20. dxc5 Bxc5 21. Nd4 Rfe8 22. g4 hxg4 23. Qxg4 Bxd4 24. exd4 Rh8 25. Rff3 Qf7 26. Bd2 Rxh3 27. Rxh3 Rh8 28. Kg2 1/2-1/2

[Event "HUN-chT2 Toth 2223"]
[Site "Hungary"]
[Date "2022.10.30"]
[Round "2.5"]
[White "Bacsi, Kristof"]
[Black "Csikos, Mihaly"]
[Result "1/2-1/2"]
[WhiteElo "1845"]
[BlackElo "1976"]
[PlyCount "151"]
[EventDate "2022.10.16"]
[EventType "team-tourn"]
[EventRounds "11"]
[EventCountry "HUN"]
[SourceTitle "EXT 2025"]
[Source "ChessBase"]
[SourceDate "2024.10.14"]
[SourceVersion "1"]
[SourceVersionDate "2024.10.14"]
[SourceQuality "1"]
[WhiteTeam "Oroshaza SE"]
[BlackTeam "Mako Duocor II"]
[WhiteTeamCountry "HUN"]
[BlackTeamCountry "HUN"]

1. d4 d5 2. Nf3 Nf6 3. c4 e6 4. Nc3 c6 5. e3 Nbd7 6. Bd3 Bd6 7. 0-0 0-0 8. e4 dxe4 9. Nxe4 Nxe4 10. Bxe4 Nf6 11. Bc2 h6 12. Bd2 b6 13. Bc3 Ba6 14. b3 Qe7 15. Re1 Bb4 16. Qd2 Bxc3 17. Qxc3 Qa3 18. Ne5 b5 19. Be4 Nxe4 20. Rxe4 bxc4 21. Nxc4 Bxc4 22. Qxc4 Rac8 23. Re2 Rfd8 24. Qc5 Qxc5 25. dxc5 Rd4 26. f3 Rcd8 27. Kf2 R8d5 28. Rc1 a5 29. Rcc2 Rh5 30. Re4 Rdd5 31. Rec4 Kf8 32. h4 g5 33. hxg5 Rhxg5 34. f4 Rh5 35. g4 Rh2+ 36. Kg3 Rxc2 37. Rxc2 f5 38. Rc3 Kf7 39. a3 fxg4 40. Kxg4 h5+ 41. Kf3 Kf6 42. Ke4 h4 43. b4 axb4 44. axb4 Rh5 45. Rh3 Rh8 46. Rh1 h3 47. Rh2 Rh4 48. Ke3 Kf5 49. b5 cxb5 50. c6 Kg4 51. c7 Rh8 52. Rd2 Rc8 53. Rd7 b4 54. Rg7+ Kf5 55. Rh7 b3 56. Rxh3 Rxc7 57. Rh5+ Kf6 58. Rb5 Rc3+ 59. Kd4 Rh3 60. Ke4 Ke7 61. Rb6 Kd7 62. Kd4 Rf3 63. Ke4 Kc7 64. Rb4 Rh3 65. Ke5 Kd7 66. Rd4+ Kc6 67. Kxe6 Kc5 68. Rd8 b2 69. Rd1 Re3+ 70. Kf6 Kc4 71. f5 Kc3 72. Kf7 Kc2 73. Rg1 Rd3 74. f6 Rd1 75. Rg2+ Rd2 76. Rg1 1/2-1/2

[Event "HUN-chT2 Toth 1718"]
[Site "Hungary"]
[Date "2018.03.04"]
[Round "9.6"]
[White "Csikos, Mihaly"]
[Black "Lenart, Janos"]
[Result "1/2-1/2"]
[WhiteElo "2060"]
[BlackElo "2024"]
[PlyCount "115"]
[EventDate "2017.09.24"]
[EventType "team-tourn"]
[EventRounds "11"]
[EventCountry "HUN"]
[SourceTitle "EXT 2021"]
[Source "ChessBase"]
[SourceDate "2020.10.23"]
[SourceVersion "1"]
[SourceVersionDate "2020.10.23"]
[SourceQuality "1"]
[WhiteTeam "Mako Duocor II"]
[BlackTeam "Kecskemet Takisz"]
[WhiteTeamCountry "HUN"]
[BlackTeamCountry "HUN"]

1. e4 e6 2. d4 d5 3. e5 c5 4. c3 Nc6 5. Nf3 Qb6 6. a3 Bd7 7. b4 c4 8. Nbd2 a5 9. Bb2 f6 10. Nh4 g6 11. f4 axb4 12. axb4 Rxa1 13. Qxa1 Qa7 14. Qxa7 Nxa7 15. Be2 f5 16. g4 Ne7 17. gxf5 gxf5 18. Bh5+ Kd8 19. Kf2 Bh6 20. Ke3 Rg8 21. Ra1 Nb5 22. Nf1 Nc7 23. Ng3 Ng6 24. Bxg6 hxg6 25. Nf3 Ke7 26. h4 Ra8 27. Rh1 Ra2 28. Bc1 Be8 29. h5 gxh5 30. Nxh5 Bxh5 31. Rxh5 Bg7 32. Bd2 Ra8 33. Be1 Rh8 34. Bh4+ Kf7 35. Rxh8 Bxh8 36. Bd8 Nb5 37. Kd2 Ke8 38. Bb6 Bg7 39. Ng5 Kd7 40. Bc5 Bh6 41. Kc2 Nc7 42. Nh3 Nb5 43. Bb6 Kc6 44. Bd8 Kd7 45. Bh4 Bf8 46. Kd2 Be7 47. Be1 Nc7 48. Kc2 Nb5 49. Ng1 Bd8 50. Ne2 Be7 51. Kd2 Ke8 52. Ke3 Kf7 53. Kf3 Kg6 54. Kg3 Bd8 55. Kh3 Nc7 56. Ng1 Nb5 57. Nf3 Be7 58. Kg3 1/2-1/2

[Event "HUN-chT2 Toth 1718"]
[Site "Hungary"]
[Date "2017.09.24"]
[Round "1.6"]
[White "Egyed, Viktoria"]
[Black "Csikos, Mihaly"]
[Result "0-1"]
[WhiteElo "1992"]
[BlackElo "2060"]
[PlyCount "120"]
[EventDate "2017.09.24"]
[EventType "team-tourn"]
[EventRounds "11"]
[EventCountry "HUN"]
[SourceTitle "EXT 2021"]
[Source "ChessBase"]
[SourceDate "2020.10.23"]
[SourceVersion "1"]
[SourceVersionDate "2020.10.23"]
[SourceQuality "1"]
[WhiteTeam "Karcag"]
[BlackTeam "Mako Duocor II"]
[WhiteTeamCountry "HUN"]
[BlackTeamCountry "HUN"]

1. e4 e6 2. d4 d5 3. Nc3 dxe4 4. Nxe4 Nd7 5. Nf3 Ngf6 6. Nxf6+ Nxf6 7. Bd3 Bd6 8. 0-0 0-0 9. Re1 b6 10. Ne5 Bb7 11. Bg5 c5 12. c3 cxd4 13. cxd4 Be7 14. Bc2 Rc8 15. Qd3 g6 16. Rad1 Qd5 17. f3 Rc7 18. Bb3 Qd8 19. Qd2 Nd5 20. Bh6 Bb4 21. Qe2 Bxe1 22. Bxf8 Qxf8 23. Qxe1 Qh6 24. Ng4 Qf4 25. Qe5 Qxe5 26. dxe5 h5 27. Nf6+ Kf8 28. h3 Ke7 29. Nxd5+ exd5 30. Bxd5 Bxd5 31. Rxd5 Rc2 32. Rb5 Ke6 33. Kh2 h4 34. a3 Re2 35. f4 Kf5 36. Rb3 Rf2 37. Kg1 Rxf4 38. Re3 Ke6 39. Rc3 Kxe5 40. Rc7 a5 41. Rc6 Rf6 42. Rc4 g5 43. Rc8 Rd6 44. Rc7 f6 45. Re7+ Kd5 46. Kf2 Kc4 47. Re2 Kb3 48. Kf3 Rd4 49. Ke3 Rd5 50. Rf2 f5 51. Kf3 b5 52. Ke3 b4 53. axb4 axb4 54. Kf3 Ka2 55. Ke3 b3 56. Kf3 Rc5 57. Ke3 Rc2 58. Rxf5 Rxg2 59. Kd4 Kxb2 60. Kc4 Kc2 0-1

[Event "Senta op 21st"]
[Site "Senta"]
[Date "2017.07.29"]
[Round "7"]
[White "Aleksic, Zvonimir"]
[Black "Csikos, Mihaly"]
[Result "0-1"]
[WhiteElo "1848"]
[BlackElo "2070"]
[PlyCount "74"]
[EventDate "2017.07.24"]
[EventType "swiss"]
[EventRounds "9"]
[EventCountry "SRB"]
[SourceTitle "CBM 179 Extra"]
[Source "ChessBase"]
[SourceDate "2017.08.23"]
[SourceVersion "1"]
[SourceVersionDate "2017.08.23"]
[SourceQuality "1"]

1. e4 e6 2. d4 d5 3. exd5 exd5 4. Nf3 Nf6 5. c4 Bb4+ 6. Nc3 0-0 7. a3 Re8+ 8. Be2 Bxc3+ 9. bxc3 Ne4 10. Qb3 dxc4 11. Qxc4 b5 12. Qb3 a6 13. Be3 Be6 14. Qc2 Nd6 15. 0-0 Nd7 16. Bd3 h6 17. Nd2 Nb6 18. Rfe1 Qh4 19. f3 Nd5 20. Bf2 Qh5 21. Ne4 Nf4 22. Ng3 Qg5 23. Re5 Qd8 24. Be4 Nxe4 25. Rxe4 Qd6 26. Rae1 Nd5 27. Rh4 Qxa3 28. Ne2 Qe7 29. Rh5 a5 30. g4 f6 31. Qd2 Bf7 32. Rh3 a4 33. Nf4 Qd7 34. Nxd5 Qxd5 35. f4 a3 36. g5 Rxe1+ 37. Bxe1 fxg5 0-1

[Event "HUN-chT2 Toth 1617"]
[Site "Hungary"]
[Date "2016.09.25"]
[Round "1.8"]
[White "Papp, Bence"]
[Black "Csikos, Mihaly"]
[Result "1-0"]
[WhiteElo "1793"]
[BlackElo "2069"]
[PlyCount "73"]
[EventDate "2016.09.25"]
[EventType "team-tourn"]
[EventRounds "11"]
[EventCountry "HUN"]
[SourceTitle "EXT 2021"]
[Source "ChessBase"]
[SourceDate "2020.10.23"]
[SourceVersion "1"]
[SourceVersionDate "2020.10.23"]
[SourceQuality "1"]
[WhiteTeam "Szeged Meritum"]
[BlackTeam "Mako Duocor II"]
[WhiteTeamCountry "HUN"]
[BlackTeamCountry "HUN"]

1. e4 e6 2. d4 d5 3. Nd2 dxe4 4. Nxe4 Bd7 5. Nf3 Bc6 6. Bd3 Nd7 7. 0-0 Ngf6 8. Qe2 Be7 9. c3 0-0 10. Bf4 Nd5 11. Bd2 N7f6 12. b4 Nb6 13. Nc5 Nbd7 14. Nxd7 Nxd7 15. Rfe1 b6 16. Rad1 Ba4 17. Rc1 Bc6 18. Rcd1 Bf6 19. Ne5 Bb7 20. Bb5 Bxe5 21. dxe5 Qe7 22. Qg4 c6 23. Bg5 f6 24. Bc4 Rae8 25. exf6 Nxf6 26. Bxe6+ Kh8 27. Qh4 Bc8 28. f4 Bxe6 29. f5 Rd8 30. Rxd8 Rxd8 31. Bxf6 gxf6 32. Rxe6 Rd1+ 33. Kf2 Qd7 34. Qxf6+ Kg8 35. Qg5+ Kh8 36. Re2 Rd6 37. f6 1-0

[Event "Senta op 20th"]
[Site "Senta"]
[Date "2016.07.29"]
[Round "9"]
[White "Csikos, Mihaly"]
[Black "Csomos, Janos"]
[Result "1-0"]
[WhiteElo "2092"]
[BlackElo "1792"]
[PlyCount "67"]
[EventDate "2016.07.22"]
[EventType "swiss"]
[EventRounds "9"]
[EventCountry "SRB"]
[SourceTitle "EXT 2017"]
[Source "ChessBase"]
[SourceDate "2016.10.25"]
[SourceVersion "1"]
[SourceVersionDate "2016.10.25"]
[SourceQuality "1"]

1. e4 e6 2. d4 d5 3. exd5 exd5 4. Bd3 Bd6 5. Nf3 Qe7+ 6. Be3 Bf4 7. Qe2 Bxe3 8. fxe3 Bg4 9. 0-0 Nf6 10. c4 0-0 11. Nc3 dxc4 12. Bxc4 Nbd7 13. Qd3 Rad8 14. Rae1 Bxf3 15. gxf3 Ne5 16. Qe2 Nxc4 17. Qxc4 c6 18. Qe2 c5 19. dxc5 Qxc5 20. Kh1 Rfe8 21. e4 Re7 22. Rd1 Red7 23. Rxd7 Rxd7 24. Rd1 Rxd1+ 25. Qxd1 g6 26. Qd2 Nh5 27. Kg2 Kg7 28. Nd5 Nf6 29. b4 Qc6 30. Qd4 b6 31. b5 Qe6 32. h4 h6 33. Kf2 h5 34. a3 1-0

[Event "Senta op 20th"]
[Site "Senta"]
[Date "2016.07.25"]
[Round "5"]
[White "Csikos, Mihaly"]
[Black "Petric, Dragan"]
[Result "1-0"]
[WhiteElo "2092"]
[BlackElo "1764"]
[PlyCount "91"]
[EventDate "2016.07.22"]
[EventType "swiss"]
[EventRounds "9"]
[EventCountry "SRB"]
[SourceTitle "EXT 2017"]
[Source "ChessBase"]
[SourceDate "2016.10.25"]
[SourceVersion "1"]
[SourceVersionDate "2016.10.25"]
[SourceQuality "1"]

1. c4 Nf6 2. Nc3 d6 3. g3 g6 4. Bg2 Bg7 5. e3 0-0 6. Nge2 Nbd7 7. 0-0 Ne5 8. d3 c6 9. f4 Ned7 10. Qc2 Qb6 11. h3 Nc5 12. Kh2 Bd7 13. d4 Na6 14. a3 Rac8 15. b4 d5 16. c5 Qc7 17. Bd2 Bf5 18. Qd1 Bd3 19. Rf2 h5 20. Ng1 Ne4 21. Nxe4 Bxe4 22. Nf3 Qd7 23. Bf1 Nc7 24. Be2 b5 25. cxb6 axb6 26. Ng5 Bf5 27. g4 hxg4 28. hxg4 Be4 29. Nxe4 dxe4 30. Rc1 Nd5 31. Qc2 f5 32. g5 b5 33. a4 bxa4 34. Qxa4 Kf7 35. Rc5 Bxd4 36. Rxd5 Qxd5 37. Qc2 e6 38. Bc4 Rh8+ 39. Kg2 Qd6 40. exd4 Rh4 41. Qc3 Rch8 42. Kf1 Rh3 43. Be3 Rh1+ 44. Ke2 Rb1 45. d5 Qxb4 46. dxe6+ 1-0

[Event "Senta op 20th"]
[Site "Senta"]
[Date "2016.07.24"]
[Round "4"]
[White "Kostic, Milutin B"]
[Black "Csikos, Mihaly"]
[Result "1-0"]
[WhiteElo "2182"]
[BlackElo "2092"]
[PlyCount "57"]
[EventDate "2016.07.22"]
[EventType "swiss"]
[EventRounds "9"]
[EventCountry "SRB"]
[SourceTitle "EXT 2017"]
[Source "ChessBase"]
[SourceDate "2016.10.25"]
[SourceVersion "1"]
[SourceVersionDate "2016.10.25"]
[SourceQuality "1"]

1. d4 d5 2. Nf3 Nf6 3. c4 e6 4. g3 Be7 5. Bg2 0-0 6. 0-0 c5 7. cxd5 Nxd5 8. e4 Nf6 9. Nc3 cxd4 10. Nxd4 e5 11. Nb3 Be6 12. Nd5 Bxd5 13. exd5 Bd6 14. Be3 Nbd7 15. Rc1 Qe7 16. Na5 Nb6 17. Qb3 Ne8 18. Rfd1 f5 19. Bxb6 axb6 20. Nc4 Nf6 21. Nxb6 Rad8 22. Rc2 Kh8 23. Rdc1 e4 24. Nc8 Qe5 25. Nxd6 Qxd6 26. Qxb7 Nxd5 27. Rd1 Rd7 28. Qb3 h6 29. Rcd2 1-0

[Event "Senta op 20th"]
[Site "Senta"]
[Date "2016.07.23"]
[Round "2"]
[White "Andrijevic, Milan"]
[Black "Csikos, Mihaly"]
[Result "1-0"]
[WhiteElo "2268"]
[BlackElo "2092"]
[PlyCount "113"]
[EventDate "2016.07.22"]
[EventType "swiss"]
[EventRounds "9"]
[EventCountry "SRB"]
[SourceTitle "EXT 2017"]
[Source "ChessBase"]
[SourceDate "2016.10.25"]
[SourceVersion "1"]
[SourceVersionDate "2016.10.25"]
[SourceQuality "1"]

1. e4 e6 2. d4 d5 3. exd5 exd5 4. Nf3 Nf6 5. c4 Bb4+ 6. Nc3 0-0 7. Be2 Ne4 8. Qb3 Bxc3+ 9. bxc3 dxc4 10. Bxc4 Nd6 11. Be2 Re8 12. Be3 Be6 13. d5 Bg4 14. 0-0 b6 15. Rfe1 Nd7 16. Rad1 Nf5 17. Bg5 Qc8 18. h3 Bxf3 19. Bxf3 h6 20. Bc1 Nf6 21. Rxe8+ Qxe8 22. d6 cxd6 23. Bxa8 Qxa8 24. Qc4 g5 25. Qd3 Nh4 26. f3 d5 27. Be3 Qb8 28. Bf2 Ng6 29. Qf5 Qd6 30. Bd4 Nh5 31. Re1 Qc6 32. Kf2 Nhf4 33. g3 Ne6 34. Qf6 Nxd4 35. Qxd4 Qd7 36. Kg2 Qb5 37. Rf1 Qc6 38. Rd1 Ne7 39. Qe5 Kf8 40. Kh2 a6 41. f4 f6 42. Qd4 b5 43. Re1 Nf5 44. Qd3 Ne7 45. f5 Qc5 46. Kg2 Kf7 47. g4 a5 48. Qe2 b4 49. cxb4 axb4 50. Qe6+ Ke8 51. Qxf6 d4 52. Rxe7+ Qxe7 53. Qxe7+ Kxe7 54. Kf3 Kd6 55. Ke4 Kc5 56. f6 Kd6 57. Kxd4 1-0

[Event "Senta op 20th"]
[Site "Senta"]
[Date "2016.07.23"]
[Round "3"]
[White "Csikos, Mihaly"]
[Black "Mak, Janos"]
[Result "1-0"]
[WhiteElo "2092"]
[BlackElo "1787"]
[PlyCount "59"]
[EventDate "2016.07.22"]
[EventType "swiss"]
[EventRounds "9"]
[EventCountry "SRB"]
[SourceTitle "EXT 2017"]
[Source "ChessBase"]
[SourceDate "2016.10.25"]
[SourceVersion "1"]
[SourceVersionDate "2016.10.25"]
[SourceQuality "1"]

1. e4 e5 2. Nf3 Nc6 3. Bc4 Nf6 4. Ng5 Bc5 5. Bxf7+ Ke7 6. Bd5 Qe8 7. c3 d6 8. 0-0 h6 9. Nf3 Bg4 10. Bxc6 Qxc6 11. d4 exd4 12. cxd4 Bb6 13. Nc3 Rad8 14. d5 Qe8 15. Qd3 Qh5 16. Nd4 Rhf8 17. Be3 Nd7 18. f3 Ne5 19. fxg4 Nxg4 20. h3 Nxe3 21. Qxe3 Qe5 22. Nce2 Rf6 23. Rxf6 Qxf6 24. Rf1 Bxd4 25. Nxd4 Qg6 26. Ne6 Rc8 27. Qf2 Qf6 28. Qg3 Qxb2 29. Qh4+ g5 30. Qxh6 1-0

[Event "HUN-chT2 Toth 1516"]
[Site "Hungary"]
[Date "2016.04.17"]
[Round "11.1"]
[White "Hajdu, Istvan"]
[Black "Csikos, Mihaly"]
[Result "1/2-1/2"]
[WhiteElo "2005"]
[BlackElo "2118"]
[PlyCount "141"]
[EventDate "2015.09.13"]
[EventType "team-tourn"]
[EventRounds "11"]
[EventCountry "HUN"]
[SourceTitle "EXT 2017"]
[Source "ChessBase"]
[SourceDate "2016.10.25"]
[SourceVersion "1"]
[SourceVersionDate "2016.10.25"]
[SourceQuality "1"]
[WhiteTeam "Szentes Integral"]
[BlackTeam "Mako SVSE II"]
[WhiteTeamCountry "HUN"]
[BlackTeamCountry "HUN"]

1. e4 e6 2. d4 d5 3. Nd2 dxe4 4. Nxe4 Be7 5. Nf3 Nf6 6. Bd3 Nbd7 7. Nxf6+ Nxf6 8. 0-0 0-0 9. Re1 b6 10. c3 Bb7 11. Bg5 Rc8 12. Qe2 c5 13. Ba6 Bxa6 14. Qxa6 Nd5 15. Bxe7 Qxe7 16. dxc5 Rxc5 17. Qa4 Qc7 18. Rad1 Rc4 19. Qc2 Rc8 20. Rd4 Rxd4 21. Nxd4 Qc4 22. Qb1 Nf4 23. a3 g6 24. Re3 Rc5 25. Qf1 Qa2 26. g3 Nd5 27. Re2 Qc4 28. Rd2 a6 29. Qxc4 Rxc4 30. Kf1 Kf8 31. Ke2 Ke7 32. Kd3 Rc8 33. Nc2 Nf6 34. f3 Nd7 35. Ke2 Ne5 36. Ne3 b5 37. f4 Nd7 38. h3 Nc5 39. Rd4 Na4 40. Rd2 Rd8 41. Rxd8 Kxd8 42. Nd1 Kc7 43. Kd3 Kd6 44. c4 f6 45. b4 bxc4+ 46. Kxc4 Nb6+ 47. Kd3 e5 48. fxe5+ Kxe5 49. Ne3 Nd7 50. a4 f5 51. Nc4+ Kd5 52. Ne3+ Ke6 53. Kd4 g5 54. Nd5 Kd6 55. b5 axb5 56. axb5 Nc5 57. b6 Ne6+ 58. Kc4 Nd8 59. Nf6 h6 60. Ng8 Nf7 61. b7 Kc7 62. Kd5 Kxb7 63. Ne7 f4 64. gxf4 gxf4 65. Ke4 Ng5+ 66. Kxf4 Nxh3+ 67. Kg4 Ng5 68. Nf5 Nf7 69. Kh5 Kc6 70. Nxh6 Nxh6 71. Kxh6 1/2-1/2

[Event "HUN-chT2 Toth 1516"]
[Site "Hungary"]
[Date "2016.04.03"]
[Round "10.4"]
[White "Nagy Dani, Karoly"]
[Black "Csikos, Mihaly"]
[Result "1-0"]
[WhiteElo "1883"]
[BlackElo "2118"]
[PlyCount "97"]
[EventDate "2015.09.13"]
[EventType "team-tourn"]
[EventRounds "11"]
[EventCountry "HUN"]
[SourceTitle "EXT 2017"]
[Source "ChessBase"]
[SourceDate "2016.10.25"]
[SourceVersion "1"]
[SourceVersionDate "2016.10.25"]
[SourceQuality "1"]
[WhiteTeam "Roszke"]
[BlackTeam "Mako SVSE II"]
[WhiteTeamCountry "HUN"]
[BlackTeamCountry "HUN"]

1. d4 Nf6 2. Nf3 e6 3. c4 b6 4. Nc3 Bb7 5. Bg5 d5 6. cxd5 exd5 7. e3 Bd6 8. Rc1 Nbd7 9. a3 c6 10. Bd3 0-0 11. 0-0 h6 12. Bh4 Qb8 13. Bg3 Re8 14. Nd2 Bxg3 15. hxg3 c5 16. Ne2 Qd6 17. Bb1 Ba6 18. Re1 Bxe2 19. Rxe2 Re7 20. dxc5 bxc5 21. Nf3 Rae8 22. Rd2 Ne5 23. Qc2 Nxf3+ 24. gxf3 d4 25. e4 Re5 26. Qa4 R8e7 27. Kg2 Rh5 28. Rdd1 Rb7 29. b4 Qe6 30. Rh1 Rxh1 31. Kxh1 cxb4 32. axb4 g6 33. Bd3 Nd7 34. Kg2 Qb6 35. Rc8+ Kg7 36. b5 Ne5 37. Qb4 Kf6 38. Qf8 Rc7 39. Qd8+ Re7 40. Qh8+ Ke6 41. Bc4+ Kd7 42. Bd5 d3 43. Rb8 Qc7 44. Rb7 Qxb7 45. Bxb7 d2 46. Qc8+ Kd6 47. Qc2 Rxb7 48. Qxd2+ Kc7 49. Qc3+ 1-0

[Event "HUN-chT2 Toth 1516"]
[Site "Hungary"]
[Date "2015.12.06"]
[Round "6.4"]
[White "Varga, Tamas"]
[Black "Csikos, Mihaly"]
[Result "1/2-1/2"]
[WhiteElo "1982"]
[BlackElo "2118"]
[PlyCount "35"]
[EventDate "2015.09.13"]
[EventType "team-tourn"]
[EventRounds "11"]
[EventCountry "HUN"]
[SourceTitle "CBM 170 Extra"]
[Source "ChessBase"]
[SourceDate "2016.02.25"]
[SourceVersion "1"]
[SourceVersionDate "2016.02.25"]
[SourceQuality "1"]
[WhiteTeam "Bekes"]
[BlackTeam "Mako SVSE II"]
[WhiteTeamCountry "HUN"]
[BlackTeamCountry "HUN"]

1. d4 d5 2. c4 e6 3. Nc3 Nf6 4. Bg5 Nbd7 5. Nf3 c6 6. e3 Qa5 7. Bxf6 Nxf6 8. Nd2 Bd6 9. c5 Be7 10. f4 Qd8 11. b4 0-0 12. Bd3 a5 13. a3 b6 14. 0-0 Ba6 15. Qe2 Bxd3 16. Qxd3 g6 17. Na4 Nd7 18. Rfb1 1/2-1/2

[Event "HUN-chT2 Toth 1516"]
[Site "Hungary"]
[Date "2015.11.08"]
[Round "4.2"]
[White "Egyed, Gabor"]
[Black "Csikos, Mihaly"]
[Result "1-0"]
[WhiteElo "2105"]
[BlackElo "2118"]
[PlyCount "71"]
[EventDate "2015.09.13"]
[EventType "team-tourn"]
[EventRounds "11"]
[EventCountry "HUN"]
[SourceTitle "CBM 170 Extra"]
[Source "ChessBase"]
[SourceDate "2016.02.25"]
[SourceVersion "1"]
[SourceVersionDate "2016.02.25"]
[SourceQuality "1"]
[WhiteTeam "Karcag"]
[BlackTeam "Mako SVSE II"]
[WhiteTeamCountry "HUN"]
[BlackTeamCountry "HUN"]

1. e4 e5 2. Bc4 Nf6 3. d3 Nc6 4. Nc3 Na5 5. Nf3 Nxc4 6. dxc4 d6 7. 0-0 Be7 8. Qe2 0-0 9. Rd1 Qe8 10. Bg5 Qc6 11. b4 Bg4 12. Nd5 Nxd5 13. cxd5 Qe8 14. Bxe7 Qxe7 15. h3 Bh5 16. g4 Bg6 17. Nd2 Qg5 18. Kh1 f6 19. Nf1 h5 20. Ng3 hxg4 21. hxg4 Kf7 22. Kg2 Rh8 23. Rh1 Ke7 24. c4 b6 25. c5 bxc5 26. bxc5 Rxh1 27. Rxh1 Qf4 28. Rb1 dxc5 29. f3 Kd8 30. Qd3 Bf7 31. d6 c4 32. dxc7+ Kxc7 33. Qc3 Rc8 34. Qa5+ Kd7 35. Rb7+ Ke8 36. Qb4 1-0

[Event "HUN-chT2 Toth 1516"]
[Site "Hungary"]
[Date "2015.10.18"]
[Round "3.4"]
[White "Pal, Imre"]
[Black "Csikos, Mihaly"]
[Result "1/2-1/2"]
[WhiteElo "2118"]
[BlackElo "2118"]
[PlyCount "71"]
[EventDate "2015.09.13"]
[EventType "team-tourn"]
[EventRounds "11"]
[EventCountry "HUN"]
[SourceTitle "CBM 170 Extra"]
[Source "ChessBase"]
[SourceDate "2016.02.25"]
[SourceVersion "1"]
[SourceVersionDate "2016.02.25"]
[SourceQuality "1"]
[WhiteTeam "Toth Laszlo II"]
[BlackTeam "Mako SVSE II"]
[WhiteTeamCountry "HUN"]
[BlackTeamCountry "HUN"]

1. e4 e5 2. Nf3 Nf6 3. d4 exd4 4. e5 Ne4 5. Qxd4 d5 6. exd6 Nxd6 7. Nc3 Nc6 8. Qf4 Bf5 9. Bb5 Nxb5 10. Nxb5 Qe7+ 11. Be3 Qb4+ 12. Qxb4 Bxb4+ 13. c3 Ba5 14. b4 Bd3 15. a4 a6 16. Nbd4 Nxd4 17. Bxd4 Bb6 18. 0-0-0 Bxd4 19. Rhe1+ Kf8 20. Rxd3 Bf6 21. Ne5 Bxe5 22. Rxe5 Re8 23. Rde3 Rxe5 24. Rxe5 f6 25. Re2 Kf7 26. Kc2 Rd8 27. a5 Rd6 28. c4 Rd4 29. Kc3 Rd1 30. h4 h5 31. g3 Rb1 32. Rd2 Ke7 33. Re2+ Kd7 34. Rd2+ Ke7 35. Re2+ Kf7 36. Rd2 1/2-1/2

[Event "Senta op 19th"]
[Site "Senta"]
[Date "2015.07.15"]
[Round "6"]
[White "Csikos, Mihaly"]
[Black "Marjanovic, Annamaria"]
[Result "1/2-1/2"]
[WhiteElo "2064"]
[BlackElo "2277"]
[PlyCount "90"]
[EventDate "2015.07.11"]
[EventType "swiss"]
[EventRounds "9"]
[EventCountry "SRB"]
[SourceTitle "EXT 2016"]
[Source "ChessBase"]
[SourceDate "2015.10.08"]
[SourceVersion "1"]
[SourceVersionDate "2015.10.08"]
[SourceQuality "1"]

1. d4 f5 2. c4 Nf6 3. Nc3 g6 4. f3 d6 5. e4 fxe4 6. fxe4 Nbd7 7. Nf3 Bg7 8. Ng5 Nf8 9. Be2 h6 10. Nf3 N8d7 11. Nh4 Nf8 12. 0-0 Be6 13. Qb3 Qc8 14. Bd3 Bf7 15. Bd2 N6d7 16. Ne2 e5 17. Rxf7 Kxf7 18. c5+ Ke7 19. cxd6+ cxd6 20. Rc1 Qd8 21. Nc3 Rc8 22. Qxb7 Ke8 23. Nf3 exd4 24. Nb5 Rxc1+ 25. Bxc1 Ke7 26. Nxa7 Kf6 27. Qd5 Qc7 28. Nc6 Ne5 29. Nfxe5 dxe5 30. Bd2 Ne6 31. Ba5 Qc8 32. Qxe5+ Kf7 33. Qd5 Bf6 34. e5 Bg5 35. Bc4 Re8 36. Kh1 Kg7 37. Nxd4 Nxd4 38. Qxd4 Qf5 39. Bc3 Qb1+ 40. Qg1 Qe4 41. e6+ Kh7 42. Bb3 Be3 43. Qd1 Bg5 44. Qd7+ Re7 45. Qd1 Re8 1/2-1/2